书目信息 |
| 题名: |
模拟电路与数字电路
|
|
| 作者: | 寇戈 , 蒋立平 编著 | |
| 分册: | ||
| 出版信息: | 北京 电子工业出版社 2019.8 |
|
| 页数: | 10,385页 | |
| 开本: | 26cm | |
| 丛书名: | ||
| 单 册: | ||
| 中图分类: | TN710.4 , TN79 | |
| 科图分类: | ||
| 主题词: | 模拟电路--高等教育--教材 , 数字电路--高等教育--教材 | |
| 电子资源: | ||
| ISBN: | 978-7-121-36594-2 | |
| 000 | 01472nam0 2200289 45 | |
| 001 | 012001002198 | |
| 005 | 20211013154017.64 | |
| 010 | @a978-7-121-36594-2@dCNY69.90 | |
| 100 | @a20191022d2019 em y0chiy50 ea | |
| 101 | 0 | @achi |
| 102 | @aCN@b110000 | |
| 105 | @ay z 000yy | |
| 106 | @ar | |
| 200 | 1 | @a模拟电路与数字电路@Amo ni dian lu yu shu zi dian lu@b专著@f寇戈,蒋立平编著 |
| 205 | @a4版 | |
| 210 | @a北京@c电子工业出版社@d2019.8 | |
| 215 | @a10,385页@d26cm | |
| 300 | @a普通高等教育“十一五”国家级规划教材 “十三五”江苏省高等学校重点教材 高等学校电子信息类精品教材 | |
| 330 | @a本书分为五个部分。第一部分为第1章绪论,介绍电子电路相关基本概念;第二部分为模拟电路,包括第2-7章,内容为:半导体器件基础、放大电路基础、放大电路中的反馈、集成运算放大器、正弦波振荡电路和直流稳压电源;第三部分为数字电路,包括第8-13章,内容为:数字逻辑基础、组合逻辑电路、时序逻辑电路引论、时序逻辑电路的分析与设计、存储器和可编程逻辑器件及脉冲信号的产生与整形;第四部分是第14章,内容为电子电路应用举例;第五部分为附录A-F,内容包括:半导体分立元件和集成电路型号命名方法、半导体器件产品说明书举例、电子电路教学常用EDA软件简介、集成电路基础知识、常见电子电路术语中英文对照和部分习题参考答案。 | |
| 606 | 0 | @a模拟电路@x高等教育@j教材 |
| 606 | 0 | @a数字电路@x高等教育@j教材 |
| 690 | @aTN710.4@v5 | |
| 690 | @aTN79@v5 | |
| 701 | 0 | @a寇戈@Akou ge@4编著 |
| 701 | 0 | @a蒋立平@Ajiang li ping@4编著 |
| 801 | 0 | @aCN@bBJSDL@c20211011 |
| 905 | @b1338810-3@dTN710.4@e394=4@f4 | |
| 模拟电路与数字电路/寇戈,蒋立平编著.-4版.-北京:电子工业出版社,2019.8 |
| 10,385页;26cm |
| 普通高等教育“十一五”国家级规划教材 “十三五”江苏省高等学校重点教材 高等学校电子信息类精品教材 |
| ISBN 978-7-121-36594-2:CNY69.90 |
| 本书分为五个部分。第一部分为第1章绪论,介绍电子电路相关基本概念;第二部分为模拟电路,包括第2-7章,内容为:半导体器件基础、放大电路基础、放大电路中的反馈、集成运算放大器、正弦波振荡电路和直流稳压电源;第三部分为数字电路,包括第8-13章,内容为:数字逻辑基础、组合逻辑电路、时序逻辑电路引论、时序逻辑电路的分析与设计、存储器和可编程逻辑器件及脉冲信号的产生与整形;第四部分是第14章,内容为电子电路应用举例;第五部分为附录A-F,内容包括:半导体分立元件和集成电路型号命名方法、半导体器件产品说明书举例、电子电路教学常用EDA软件简介、集成电路基础知识、常见电子电路术语中英文对照和部分习题参考答案。 |
| ● |
| 相关链接 |
|
|
|
|
正题名:模拟电路与数字电路
索取号:TN710.4/394=4
 
预约/预借
| 序号 | 登录号 | 条形码 | 馆藏地/架位号 | 状态 | 备注 |
| 1 | 1338810 | 213388109 | 第二样本阅览室/ [索取号:TN710.4/394=4] | 在馆 | |
| 2 | 1338811 | 213388118 | 第三借阅区/ [索取号:TN710.4/394=4] | 在馆 | |
| 3 | 1338812 | 213388127 | 第三借阅区/ [索取号:TN710.4/394=4] | 在馆 | |
| 4 | 1338813 | 213388136 | 第三借阅区/ [索取号:TN710.4/394=4] | 在馆 |